000 00914nam a2200229Ii 4500
003 JO-AjNU
008 230605s9999||||xx |||||||||||||| ||und||
017 _a2012/4/1520
020 _a978-9957-19-045-3
040 _aJO-AjNU
_bara
_erda
_cJO-AjNU
041 _aara
050 1 4 _aHC498 .N32 2012
100 3 _aمصطفى، محمد سمير...واخرون؛ مراجعة وتقديم منذر الشرع,
_eauthor
_949624
245 0 0 _aندوة الجذور الاقتصادية والاجتماعية للتحولات الراهنة في البلاد العربية
250 _aط1
264 3 1 _aعمان: مؤسسة عبد الحميد شومان،2012
300 _a119ص
336 _atext
_btxt
_2rdacontent
337 _aunmediated
_bn
_2rdamedia
338 _avolume
_bnc
_2rdacarrier
650 4 _aعلم الاجتماع الاقتصادي -- البلاد العربية -- مؤتمرات
_949625
999 _aA21807
_c25375
_d25375